Loading...

Vijayathinte Padavukal

Bibliographic Details
Main Author: B S Warrier
Format: eBook
Language:Undetermined
Published: Kottayam DC Books
Subjects:
LEADER 00375nam a2200133Ia 4500
008 161116s9999 xx 000 0 und d
100 |a B S Warrier 
245 |a Vijayathinte Padavukal 
260 |b DC Books  |a Kottayam 
650 |a Non Fiction 
650 |a Self-help 
942 |c EB 
999 |c 118665  |d 118665 
952 |0 0  |1 0  |4 0  |7 0  |9 115422  |a MGUL  |b MGUL  |d 2016-11-16  |l 0  |r 2016-11-16  |w 2016-11-16  |y EB